Từ điển - sách công cụ chữ Hán của Việt Nam và Trung Quốc
Shranjeno v:
| Glavni avtor: | |
|---|---|
| Format: | Knjiga |
| Jezik: | Undetermined |
| Izdano: |
Tp. Hồ Chí Minh
Tổng hợp Tp. Hồ Chí Minh
2019
|
| Online dostop: | http://lrc.tdmu.edu.vn/opac/search/detail.asp?aID=2&ID=40941 |
| Oznake: |
Označite
Brez oznak, prvi označite!
|
| Thư viện lưu trữ: | Trung tâm Học liệu Trường Đại học Thủ Dầu Một |
|---|
| LEADER | 00641nam a2200181Ia 4500 | ||
|---|---|---|---|
| 001 | TDMU_40941 | ||
| 008 | 210410s9999 xx 000 0 und d | ||
| 082 | |a 338.95977 | ||
| 090 | |b TR121 | ||
| 100 | |a Trần, Văn Chánh | ||
| 245 | 0 | |a Từ điển - sách công cụ chữ Hán của Việt Nam và Trung Quốc | |
| 245 | 0 | |c Trần Văn Chánh | |
| 260 | |a Tp. Hồ Chí Minh | ||
| 260 | |b Tổng hợp Tp. Hồ Chí Minh | ||
| 260 | |c 2019 | ||
| 300 | |a 309tr. | ||
| 856 | |u http://lrc.tdmu.edu.vn/opac/search/detail.asp?aID=2&ID=40941 | ||
| 980 | |a Trung tâm Học liệu Trường Đại học Thủ Dầu Một | ||